| 000 | 01117nam1a2200325 i 4500 | ||
|---|---|---|---|
| 001 | RU\NLR\BIBL_A\010740999 | ||
| 005 | 20241103094801.0 | ||
| 035 | _a(NLR Aleph) 010740999 | ||
| 090 |
_a9903178 _c9903178 |
||
| 100 | _a20140515g20149999k y0rusy50 ca | ||
| 101 | 0 | _arus | |
| 102 | _aRU | ||
| 105 | _ay ||z||||||y | ||
| 200 | 1 |
_aЭстетическая герменевтика познания _dAesthetic hermeneutics of knowledge _fН.А. Кормин _g[Изд. дом "Академия"] _zeng |
|
| 210 |
_aМосква _cАкадемия _d2014 |
||
| 215 | _d21 | ||
| 300 | _aАвт. также на англ. яз.: N.A. Kormin | ||
| 510 | 1 |
_6z45790 _aAesthetic hermeneutics of knowledge _zeng |
|
| 606 |
_aТеория познания _9996498 _3RU\NLR\AUTH\6659418 |
||
| 606 | 1 |
_aЭстетика и философия _91869652 _3RU\NLR\AUTH\661139618 |
|
| 686 | 1 | _aЮ22 | |
| 686 | 1 | _aЮ252:Ю8 | |
| 686 | 1 | _aЮ8в:Ю0 | |
| 700 | 1 |
_aКормин _bН.А. |
|
| 790 | 1 |
_6z45510 _aKormin _bN. A. |
|
| 852 |
_aNLR _j2014-4/4966 |
||
| 942 | _cBOOK | ||
| 980 | _aNBR | ||